Osteoporosis y ejercicio físico / Josep Pinsach
Publicado:
Barcelona :
Col·legi de Llicenciats en Educació Física i Ciències de l'Activitat Física i de l'Esport de Catalunya ,
2007
Descripción Física:
63 p. ; 20 cm
MARC
| LEADER | 00000nam a2200000Ia 4500 | ||
|---|---|---|---|
| 001 | 20982 | ||
| 008 | 160829s2007 xx 000 0 cat d | ||
| 080 | |a P-1-81 | ||
| 100 | |a Pinsach, Josep |9 42040 | ||
| 245 | |a Osteoporosis y ejercicio físico / Josep Pinsach | ||
| 260 | |a Barcelona : |b Col·legi de Llicenciats en Educació Física i Ciències de l'Activitat Física i de l'Esport de Catalunya, |c 2007 | ||
| 300 | |a 63 p. ; |c 20 cm | ||
| 590 | |a A la part superior de la portada: Premi d'Articles sobre Activitat Física i Esportiva, X edició, 2005. | ||
| 590 | |a Bibliografia. | ||
| 590 | |a Col·labora: Diuptació de Barcelona. Àrea d'Esports | ||
| 650 | |a Osteoporosi |x Prevenció |9 42041 | ||
| 650 | |a Gimnàstica |x Ús terapèutic |9 42042 | ||
| 700 | |a Col·legi de Llicenciats en Educació Física i Ciències de l'Activitat Física i de l'Esport de Catalunya |9 42043 | ||
| 700 | |a Premi d'Articles sobre Activitat Física i Esportiva (10è : 2007 : Barcelona) |9 42044 | ||
| 710 | |a Barcelona (Catalunya : Província). |b Àrea d'Esports |9 53827 | ||
| 901 | |a Arxiu | ||
| 942 | |n 1 | ||
| 952 | |0 0 |1 0 |4 0 |6 P181 |7 1 |9 50629 |a Arxiu |b Arxiu |d 2016-12-01 |l 0 |o P-1-81 |p 20982 |r 2016-12-01 00:00:00 |w 2016-12-01 |y ARXIU | ||
| 999 | |c 54471 |d 54471 | ||